| 000 | nam a22 a 4500 | ||
|---|---|---|---|
| 999 |
_c11 _d11 |
||
| 003 | AKMAL | ||
| 005 | 20170412130138.0 | ||
| 008 | 170412s2005 m ||||| |||| 00| 0 eng d | ||
| 020 |
_a967611684X (kkt.) : _cRM41.00 |
||
| 040 | _aAKMAL | ||
| 082 | 0 | 4 |
_a320.9595092 _222 |
| 090 | 0 | 0 |
_a320.9595092 _bSIV |
| 100 | 0 |
_aSivamurugan Pandian _950 |
|
| 245 | 1 | 0 |
_aLegasi Mahathir / _cSivamurugan Pandian |
| 260 |
_aKuala Lumpur : _bUtusan Publications & Distributors, _c2005 |
||
| 300 |
_axii, 420ms. : _bil., foto ; _c22cm. |
||
| 504 | _aBibliografi : ms. 361-401 | ||
| 600 | 0 |
_941 _aMahathir Mohamad, _cTun, _d1925- |
|
| 650 | 1 | 0 |
_aPrime ministers _zMalaysia _97 |
| 651 | 0 |
_aMalaysia _xPolitics and government _944 |
|
| 942 |
_2ddc _cBOOK |
||